| 000 | 00800nam a2200253Ia 4500 | ||
|---|---|---|---|
| 003 | GCL | ||
| 008 | 140319s9999 xx 000 0 ara d | ||
| 040 |
_aGCL / _cGCL |
||
| 082 | 0 | 4 |
_aد _b050 _bد هـ |
| 245 | 1 | 0 | _aعلاقة الانبياء بمصر ( الهلال يونية 2000 ) |
| 260 |
_aالقاهرة : _bدار الهلال للطباعة والنشر ، _c2000 |
||
| 650 | 0 | 4 | _aالشرق الاوسط |
| 650 | 0 | 4 | _aالموسيقى |
| 650 | 0 | 4 | _aالجزائر |
| 650 | 0 | 4 | _aعلى مبارك |
| 650 | 0 | 4 | _aالمولد النبوى |
| 650 | 0 | 4 | _aالشباب فى مصر |
| 650 | 0 | 4 | _aالراسمالية |
| 650 | 0 | 4 | _aامل دنقل |
| 650 | 0 | 4 | _aالازهر |
| 650 | 0 | 4 | _aالعولمة - وحقوق الانسان |
| 650 | 0 | 4 | _aثروت عكاشة |
| 942 |
_2ddc _cCR |
||
| 999 |
_c6719 _d6719 |
||